[Event "Natal Potiguar op"]
[Site "Natal"]
[Date "2012.06.10"]
[Round "7"]
[White "Rodrigues, Daniel Torres"]
[Black "De Moura Filho, Eny Nobrega"]
[Result "1/2-1/2"]
[WhiteElo "1753"]
[BlackElo "1714"]
[PlyCount "66"]
[EventDate "2012.06.07"]
[EventType "swiss"]
[EventRounds "7"]
[EventCountry "BRA"]
[SourceTitle "CBM 148 Extra"]
[Source "ChessBase"]
[SourceDate "2012.06.22"]
[SourceVersion "1"]
[SourceVersionDate "2012.06.22"]
[SourceQuality "1"]

1. c4 Nf6 2. Nf3 g6 3. Nc3 Bg7 4. g3 0-0 5. Bg2 d6 6. d4 c5 7. 0-0 Nc6 8. dxc5 dxc5 9. Be3 b6 10. Ne5 Nxe5 11. Bxa8 Nxc4 12. Rb1 Bh3 13. Bg2 Bxg2 14. Kxg2 Qa8+ 15. Kg1 Ng4 16. Qd3 Nce5 17. Qd5 e6 18. Qxa8 Rxa8 19. Rfd1 a6 20. Na4 b5 21. Nxc5 Nc4 22. Bd4 e5 23. Bc3 a5 24. a3 Bf8 25. Ne4 f5 26. Ng5 Be7 27. Nf3 Bc5 28. Be1 e4 29. Nd4 b4 30. axb4 axb4 31. Ra1 Re8 32. Rac1 Bxd4 33. Rxd4 Nxb2 1/2-1/2

[Event "Natal Potiguar op"]
[Site "Natal"]
[Date "2012.06.08"]
[Round "4"]
[White "Araujo, Daniel Lucas Olivei"]
[Black "Rodrigues, Daniel Torres"]
[Result "1-0"]
[WhiteElo "1800"]
[BlackElo "1753"]
[PlyCount "117"]
[EventDate "2012.06.07"]
[EventType "swiss"]
[EventRounds "7"]
[EventCountry "BRA"]
[SourceTitle "CBM 148 Extra"]
[Source "ChessBase"]
[SourceDate "2012.06.22"]
[SourceVersion "1"]
[SourceVersionDate "2012.06.22"]
[SourceQuality "1"]

1. e4 c6 2. d4 d5 3. exd5 cxd5 4. Nc3 Nf6 5. Bg5 e6 6. Nf3 Bb4 7. Bb5+ Nc6 8. 0-0 0-0 9. Ne5 Be7 10. Nxc6 bxc6 11. Bxc6 Rb8 12. b3 Bb7 13. Bxb7 Qc7 14. Bxf6 Bxf6 15. Bxd5 Qxc3 16. Bc4 Bxd4 17. Rb1 Rfd8 18. Qf3 Qxf3 19. gxf3 Bc3 20. Rbd1 g6 21. Rd3 Rxd3 22. cxd3 Kf8 23. Rc1 Bd2 24. Rc2 Bf4 25. Kg2 Ke7 26. h4 f5 27. Re2 Rb6 28. a4 a5 29. d4 Kf6 30. d5 exd5 31. Bxd5 Rd6 32. Bc4 Be5 33. Bf7 h6 34. Re1 Rd8 35. Bc4 Rd2 36. f4 Bxf4 37. Re6+ Kg7 38. Ra6 Be3 39. Kf3 Bxf2 40. Rxa5 Be1 41. Ra7+ Kf6 42. Kf4 Rd4+ 43. Ke3 Bc3 44. a5 Rxh4 45. Rf7+ Kg5 46. a6 Rh3+ 47. Ke2 Bd4 48. a7 Re3+ 49. Kd1 Re8 50. Bd5 Bxa7 51. Rxa7 Rd8 52. Ra5 Kf6 53. Kc2 h5 54. b4 h4 55. Bc6 Rc8 56. Ra6 Kg5 57. Kb3 f4 58. Ra5+ Kg4 59. Bd7+ 1-0

[Event "Natal Potiguar op"]
[Site "Natal"]
[Date "2011.08.20"]
[Round "4"]
[White "Baltar, Petrov Ferreira"]
[Black "Rodrigues, Daniel Torres"]
[Result "1-0"]
[WhiteElo "1797"]
[BlackElo "2223"]
[PlyCount "49"]
[EventDate "2011.08.19"]
[EventType "swiss"]
[EventRounds "6"]
[EventCountry "BRA"]
[SourceTitle "EXT 2014"]
[Source "ChessBase"]
[SourceDate "2013.11.20"]
[SourceVersion "1"]
[SourceVersionDate "2013.11.20"]
[SourceQuality "1"]

1. d4 d5 2. e3 e6 3. Bd3 Bd6 4. f4 f5 5. Nf3 Nf6 6. Ne5 Ne4 7. Qh5+ g6 8. Nxg6 Nf6 9. Qh3 b6 10. Nxh8 Qe7 11. Nd2 Qg7 12. Nf3 Qxh8 13. Ne5 Bxe5 14. fxe5 Ng8 15. Qh5+ Kf8 16. 0-0 Bd7 17. b3 Be8 18. Ba3+ Ne7 19. Qh6+ Qg7 20. Bxe7+ Kf7 21. Qxg7+ Kxg7 22. Bf6+ Kf8 23. g4 Bg6 24. gxf5 exf5 25. Bxf5 1-0